The economies of the Balkan countries : Albania, Bulgaria, Greece, Romania, Turkey, and Yugoslavia /

Bibliographic Details
Main Author: Gianaris, Nicholas V.
Format: Book
Language:English
Published: New York, N.Y. : Praeger, 1982.
Subjects:

MARC

Tag First Indicator Second Indicator Subfields
LEADER 00000cam a2200000 a 4500
001 in00000095608
005 20150923173731.0
008 810624s1982 nyub 00110 eng
010 |a  81010748  
020 |a 0030602327 :  |c $25.95 
035 |a (OCoLC)07596805 
035 |9 AAK8256AM 
039 0 |a 2  |b 3  |c 3  |d 3  |e 3 
040 |a DLC  |c DLC  |d TXA  |d UtOrBLW 
043 |a ed----- 
049 |a TXAM  |c [952274] 
050 0 0 |a HC401  |b .G5 1982 
082 0 |a 330.9496  |2 19 
100 1 |a Gianaris, Nicholas V. 
245 1 4 |a The economies of the Balkan countries :  |b Albania, Bulgaria, Greece, Romania, Turkey, and Yugoslavia /  |c Nicholas V. Gianaris. 
264 1 |a New York, N.Y. :  |b Praeger,  |c 1982. 
300 |a xiii, 188 pages :  |b map ;  |c 25 cm. 
336 |a text  |b txt  |2 rdacontent 
337 |a unmediated  |b n  |2 rdamedia 
338 |a volume  |b nc  |2 rdacarrier 
504 |a Includes bibliographical references and indexes. 
651 0 |a Balkan Peninsula  |x Economic conditions. 
999 |a MARS 
999 f f |s 6b3fb66e-7a43-38f1-99c9-0e22fbd92e98  |i 66dc176c-62b3-3178-a58a-a7e1cbe4cc3b  |t 0 
952 f f |p ric  |a Texas A&M University  |b Rellis Campus  |c Joint Library Facility  |d Remote Storage  |t 0  |e HC401 .G5 1982  |h Library of Congress classification  |i unmediated -- volume  |m A14806011195 
998 f f |a HC401 .G5 1982  |t 0  |l Remote Storage